00385nam a2200121Ia 4500008004100000245003800041245002200079260000900101650001000110856005100120999001900171952007300190171211s9999 xx 000 0 und d 4aThe Music of European Nationalism cPhilip V. Bohlman c2004 xmusic uhttp://down.ebook777.com/059/9781576072707.pdf c348703d348703 001040aCLbCLd2017-12-11l0r2017-12-11 00:00:00w2017-12-11yCBE